书目信息 |
| 题名: |
电子设备热设计及分析技术
|
|
| 作者: | 余建祖 编著 | |
| 分册: | ||
| 出版信息: | 北京 高等教育出版社 2002.12 |
|
| 页数: | 320页 | |
| 开本: | 23cm | |
| 丛书名: | ||
| 单 册: | ||
| 中图分类: | TN05 | |
| 科图分类: | ||
| 主题词: | 电子设备--dian zi she bei--热环境--设计 , 电子设备--dian zi she bei--热分析 | |
| 电子资源: | ||
| ISBN: | 7-04-010585-3 | |
| 000 | 01001nam0 2200289 450 | |
| 001 | CAL 012003080057 | |
| 005 | 20050414161529.4 | |
| 010 | @a7-04-010585-3@d29.00CNY | |
| 099 | @aCAL 012003080057 | |
| 100 | @a20030422d2002 em y0chiy0121 ea | |
| 101 | 0 | @achi |
| 102 | @aCN@b110000 | |
| 105 | @aa a 000yy | |
| 200 | 1 | @a电子设备热设计及分析技术@Adian zi she bei re she ji ji fen xi ji shu@d= Thermal design and analysis techniques of electronic equipment@f余建祖编著@zeng |
| 210 | @a北京@c高等教育出版社@d2002.12 | |
| 215 | @a320页@c图@d23cm | |
| 300 | @a进一步研究生工作办公室推荐研究生教学用书 | |
| 320 | @a有书目 (第315-320页) | |
| 510 | 1 | @aThermal design and analysis techniques of electronic equipment@zeng |
| 606 | 0 | @a电子设备@Adian zi she bei@x热环境@x设计 |
| 606 | 0 | @a电子设备@Adian zi she bei@x热分析 |
| 690 | @aTN05@v4 | |
| 701 | 0 | @a余建祖@Ayu jian zu@4编著 |
| 801 | 0 | @aCN@bPUL@c20030422 |
| 905 | @a10447@dTN05@eY755 | |
| 906 | @dCNY29.00@n0@r1 | |
| 998 | @aPUL | |
| 电子设备热设计及分析技术= Thermal design and analysis techniques of electronic equipment/余建祖编著.-北京:高等教育出版社,2002.12 |
| 320页:图;23cm |
| 进一步研究生工作办公室推荐研究生教学用书 |
| ISBN 7-04-010585-3:29.00CNY |
| ● |
| 相关链接 |
|
|
|
正题名:电子设备热设计及分析技术
索取号:TN05/Y755
 
预约/预借
| 序号 | 登录号 | 条形码 | 馆藏地/架位号 | 状态 | 备注 |
| 1 | 537496 | 205374968 | 自科库301/301自科库 25排1列2层/ [索取号:TN05/Y755] | 在馆 | |
| 2 | 537497 | 205374977 | 自科库301/301自科库 25排1列2层/ [索取号:TN05/Y755] | 在馆 | |
| 3 | 537498 | 205374986 | 自科库301/301自科库 25排1列2层/ [索取号:TN05/Y755] | 在馆 |